| 000 | 00676cam a22002291 4500 | ||
|---|---|---|---|
| 001 | sa 66000249 | ||
| 003 | DLC | ||
| 005 | 20260227112213.0 | ||
| 008 | 740221s1965 xx 000 0 eng | ||
| 010 | _asa 66000249 | ||
| 035 | _a(OCoLC)809637 | ||
| 040 |
_aDLC _cPPSJ _dDLC |
||
| 042 | _apremarc | ||
| 050 | 0 | 0 |
_aHN687 _b.T3 |
| 100 | 1 | _aTandon, Vishwanath. | |
| 245 | 1 | 4 |
_aThe social and political philosophy of sarvodaya after Gandhiji. _cForeword by Jayaprakash Narayan. |
| 250 | _a[1st ed.] | ||
| 260 |
_aVaranasi, _bSarva Seva Sangh Prakashan _c[1965] |
||
| 300 |
_axiv, 252 p. _c24 cm. |
||
| 504 | _aBibliography: p. [230]-244. | ||
| 651 | 0 |
_aIndia _xSocial policy. |
|
| 999 |
_c67151 _d67151 |
||